Jingle bells (Record no. 116925)

MARC details
000 -LÍDER
campo de controle de tamanho fixo 00547 a2200229 4500
001 - NÚMERO DE CONTROLE
campo de controle 116925
020 ## - ISBN - INTERNATIONAL STANDARD BOOK NUMBER
ISBN - International Standard Book Number 0866110046
020 ## - ISBN - INTERNATIONAL STANDARD BOOK NUMBER
Informação qualificadora (Broch.)
041 ## - CÓDIGO DE IDIOMA
Código do idioma do texto/trilha sonora ou título diferente eng
082 ## - CDD - CLASSIFICAÇÃO DECIMAL DE DEWEY
Número de Classificação 028.5
040 ## - FONTE DA CATALOGAÇÃO
Instituição da catalogação original BR-BrIDEA
Instituição que transcreveu o registro BR-BrIDEA
090 ## - NÚMERO DE CHAMADA LOCAL
Número de chamada (OCLC) (R); Número de chamada, CALL (RLIN) (NR) A JK 028
Número Cutter local (OCLC); Número de classificação do livro, CALL (RLIN) JIN
245 10 - TÍTULO
Título Jingle bells
Indicação de responsabilidade, etc. Jingle bells
260 ## - PUBLICAÇÃO, DISTRIBUIÇÃO, ETC.
Local de publicação, distribuição, etc. Washington, D.C.
Nome do editor, distribuidor, etc. Kappa Books
Data da publicação, distribuição, etc. c2010
300 ## - DESCRIÇÃO FÍSICA
Extensão [s.p.]
Outros detalhes físicos il. color
490 ## - TÍTULO DA SÉRIE
Título da série Collect for the holiday!
521 ## - NOTA DO PÚBLICO ALVO
Nota de público alvo JK
697 ## - ENTRADA DE ASSUNTO LOCAL--ENTIDADE COLETIVA (RLIN)
Nome corporativo ou nome da jurisdição Children's literature
697 ## - ENTRADA DE ASSUNTO LOCAL--ENTIDADE COLETIVA (RLIN)
Nome corporativo ou nome da jurisdição Christmas
856 ## - LOCALIZAÇÃO ELETRÔNICA E ACESSO
Uniform Resource Identifier <a href="000027/00002782.webp">000027/00002782.webp</a>
942 ## - ELEMENTOS DE ENTRADA ADICIONADOS (KOHA)
Tipo de material Koha Livros
Holdings
Situação do descarte Situação das perdas Fonte da classificação ou esquema de arquivamento na estante Situação física Não pode ser emprestado Biblioteca de origem Biblioteca atual Data de aquisição Total de empréstimos Número de chamada completo Código de barras Data de último acesso Data do preço efetivo Tipo de material Koha
    Classificação Decimal de Dewey     ECB - ÁGUAS CLARAS ECB - ÁGUAS CLARAS 29/12/2020   A JK 028 JIN 00052523AGC 23/01/2024 23/01/2024 Livros